Ley de derechos de autor, derechos conexos y su reglamento: Ley de imprenta /
Gespeichert in:
| Körperschaft: | |
|---|---|
| Format: | Buch |
| Sprache: | Spanish |
| Veröffentlicht: |
San José, Costa Rica :
IJSA,
2001
|
| Schlagworte: | |
| Tags: |
Tag hinzufügen
Keine Tags, Fügen Sie den ersten Tag hinzu!
|
MARC
| LEADER | 00000nam a2200000Ia 4500 | ||
|---|---|---|---|
| 008 | 170912b2001 cr ||||| |||| 00| | spa d | ||
| 999 | |c 950 |d 950 | ||
| 020 | |a 9977131031 | ||
| 090 | |a 346.048.2 |b C8374Le 2001 | ||
| 110 | 1 | |a Costa Rica. Leyes, Decretos, etc. |9 1370 | |
| 245 | 1 | 0 | |a Ley de derechos de autor, derechos conexos y su reglamento: Ley de imprenta / |
| 260 | |a San José, Costa Rica : |b IJSA, |c 2001 | ||
| 300 | |a 85 páginas | ||
| 650 | 1 | 4 | |a DERECHOS DE AUTOR |9 3176 |
| 650 | 1 | 4 | |a LEGISLACIÓN |9 45 |
| 651 | 4 | |a COSTA RICA |9 47 | |
| 942 | |i 506179 |h 346.048.2 C8374Le 2001 |2 z |c 01 | ||



